Seeking Spirituality (Record no. 94993)
[ view plain ]
| 000 -LEADER | |
|---|---|
| fixed length control field | 00564nam a2200229Ia 4500 |
| 003 - CONTROL NUMBER IDENTIFIER | |
| control field | 0100 |
| 008 - FIXED-LENGTH DATA ELEMENTS--GENERAL INFORMATION | |
| fixed length control field | 130307s9999 xx 000 0 und d |
| 020 ## - INTERNATIONAL STANDARD BOOK NUMBER | |
| International Standard Book Number | 0340656239 |
| 040 ## - CATALOGING SOURCE | |
| Transcribing agency | ARRUPELIB |
| 050 ## - LIBRARY OF CONGRESS CALL NUMBER | |
| Classification number | BX2350 .2R747 1998 |
| 300 ## - PHYSICAL DESCRIPTION | |
| Other physical details | 246p. 21cm. |
| 100 ## - MAIN ENTRY--PERSONAL NAME | |
| Personal name | Rolheiser , Ronald |
| 245 ## - TITLE STATEMENT | |
| Title | Seeking Spirituality |
| 245 ## - TITLE STATEMENT | |
| Remainder of title | Guidelines for a christian sprituality for the twenty -first century |
| 260 ## - PUBLICATION, DISTRIBUTION, ETC. (IMPRINT) | |
| Place of publication, distribution, etc | London |
| 260 ## - PUBLICATION, DISTRIBUTION, ETC. (IMPRINT) | |
| Name of publisher, distributor, etc | Hodder and Stoughton |
| 260 ## - PUBLICATION, DISTRIBUTION, ETC. (IMPRINT) | |
| Date of publication, distribution, etc | 1998 |
| 300 ## - PHYSICAL DESCRIPTION | |
| Extent | vii |
| 650 ## - SUBJECT ADDED ENTRY--TOPICAL TERM | |
| Topical term following geographic name as entry element | Ethics |
| 650 ## - SUBJECT ADDED ENTRY--TOPICAL TERM | |
| Location of event | Virtue |
| 942 00 - ADDED ENTRY ELEMENTS (KOHA) | |
| Koha issues (borrowed), all copies | 1 |
| Withdrawn status | Lost status | Source of classification or shelving scheme | Damaged status | Not for loan | Collection code | Home library | Current library | Shelving location | Date acquired | Total Checkouts | Full call number | Barcode | Date last seen | Date checked out | Copy number | Price effective from | Koha item type |
|---|---|---|---|---|---|---|---|---|---|---|---|---|---|---|---|---|---|
| Library of Congress Classification | Main Collection | ARRUPE LIBRARY | ARRUPE LIBRARY | 07/03/2013 | 3 | BX2350 .2R747 1998 | 46003073698 | 22/11/2017 | 30/08/2016 | 1 | 07/03/2013 | Monograph ( Printed materials) |